Ipswich Town Players by Picture #3 - Statistics

General Stats
  • This quiz has been taken 198 times
  • The average score is 17 of 30
Answer Stats
Picture Answer % Correct
Terry Butcher
92%
Mick Mills
88%
Richard Wright
88%
Jason Dozzell
86%
Paul Mariner
85%
Alan Brazil
84%
Shefki Kuqi
80%
Kieron Dyer
79%
Titus Bramble
79%
Daryl Murphy
77%
Mauricio Taricco
76%
Mick Stockwell
76%
Tyrone Mings
76%
Jamie Clapham
75%
Bobby Petta
70%
Arnold Mühren
68%
Jason Cundy
61%
Clive Baker
57%
Gavin Johnson
55%
Paul Mason
48%
Hermann Hreiðarsson
45%
Ian Cranson
45%
Mark Brennan
41%
Mick Lambert
41%
John Peddelty
21%
Derek Jefferson
13%
John O'Rourke
13%
Roy Stephenson
8%
Reg Pickett
2%
Basil Acres
1%
No matching quizzes found
Score Distribution
Percent of People with Each Score
Percentile by Number Answered
Your Score History
You have not taken this quiz